| 000 | 00918nam a22002897a 4500 | ||
|---|---|---|---|
| 001 | 7171 | ||
| 003 | FISKH | ||
| 005 | 20250701095844.0 | ||
| 008 | 250701b cb ||||| |||| 00| 0 eng d | ||
| 020 | _a9780142413814 | ||
| 040 |
_aFISKH _beng _cFISKH _dFISKH |
||
| 050 | _aPR6054.A35 Z | ||
| 082 | _a823.914 | ||
| 100 |
_aDahl, roald _d(1916–1990) |
||
| 245 |
_aBoy tales of childhood / _cRoald Dahl |
||
| 250 | _aThis edition first published in 2008 | ||
| 260 |
_aLondon : _bPuffin, _c2008 |
||
| 300 |
_a176 pages : _billustrations ; _c20 cm |
||
| 520 | _aPresents humorous anecdotes from the author's childhood which includes summer vacations in Norway and an English boarding school. | ||
| 521 | 8 |
_a1020
_bLexile |
|
| 521 | 8 |
_aZ
_bRaz-Plus |
|
| 650 |
_2 Autobiography _a Childhood |
||
| 650 |
_2Biography _aNorway |
||
| 700 |
_aBlake, Quentin _dillustrator |
||
| 942 |
_2ddc _cBK _n0 |
||
| 999 |
_c7171 _d7171 |
||